Improve Your Communication Skill (Record no. 183038)

000 -LEADER
fixed length control field 00391nam a2200145Ia 4500
008 - FIXED-LENGTH DATA ELEMENTS--GENERAL INFORMATION
fixed length control field 220217s9999||||xx |||||||||||||| ||und||
020 ## - INTERNATIONAL STANDARD BOOK NUMBER
International Standard Book Number 978074945676
082 ## - DEWEY DECIMAL CLASSIFICATION NUMBER
Classification number 426 BAR
100 ## - MAIN ENTRY--PERSONAL NAME
Personal name Barker, Alan
245 #0 - TITLE STATEMENT
Title Improve Your Communication Skill
250 ## - EDITION STATEMENT
Edition statement 2 Revised
260 ## - PUBLICATION, DISTRIBUTION, ETC.
Place of publication, distribution, etc. Kogan Page
Name of publisher, distributor, etc. New delhi
Date of publication, distribution, etc. 2010
300 ## - PHYSICAL DESCRIPTION
Extent vii;200
Other physical details 195
650 ## - SUBJECT ADDED ENTRY--TOPICAL TERM
Topical term or geographic name entry element ENGLISH GENERAL BOOKS
9 (RLIN) 691
Holdings
Withdrawn status Lost status Damaged status Not for loan Collection code Home library Current library Date acquired Total Checkouts Full call number Barcode Date last seen Date last checked out Price effective from Koha item type
        Humanity Science Central Library Central Library 02/18/2022 1 426 BAR 18227 11/15/2022 11/02/2022 02/18/2022 Books

Powered by Koha